| 000 | 00678nam a2200217 a 4500 | ||
|---|---|---|---|
| 001 | BRL_800 | ||
| 005 | 20190320210913.0 | ||
| 008 | 081013s1966----mx-ab#####---#000-0#spa-# | ||
| 041 | _aspa | ||
| 044 | _amx | ||
| 050 | 4 |
_aF1219.1.T2 _b.G85 1966 |
|
| 245 | 1 | 0 | _aGuía Oficial de el Tajín |
| 260 |
_aMéxico, D.F. _bInstituto Nacional de Antropología e Historia, Departamento de Publicaciones _c1966 |
||
| 300 |
_a35 p. _bil. (algunas a color), mapas _c20 cm. |
||
| 500 | _aAu1048 | ||
| 650 | 1 | 4 |
_aTajín (Veracruz) _vGuía _xHistoria _924988 |
| 650 | 1 | 4 |
_aIndígenas de México _xArquitectura _924312 |
| 651 | 4 |
_aMéxico _xAntigüedades _92765 |
|
| 902 | _aGRL | ||
| 942 |
_2lcc _cB |
||
| 999 |
_c9612 _d9612 |
||